000
00285nam a2200121 a 4500
005
20140414093832.0
008
020927s19uu xx 00 eng d
050
_a
VHS 900
_b
OR 08
245
_a
Bayani. Vol. 2.
260
_b
ABS-CBN Foundation,Inc.
942
_c
AVM
999
_c
108781
_d
108781